Present status of nuclear research and development in Japan 1961

Đã lưu trong:
Sonraí Bibleagrafaíochta
Formáid: Leabhar
Teanga:Undetermined
Foilsithe: Tokyo International Cooperation Administration Japan Productivity Center 1985
Ábhair:
Clibeanna: Cuir Clib Leis
Gan Chlibeanna, Bí ar an gcéad duine leis an taifead seo a chlibeáil!
Thư viện lưu trữ: Trung tâm Học liệu Trường Đại học Cần Thơ
LEADER 00511nam a2200169Ia 4500
001 CTU_94174
008 210402s9999 xx 000 0 und d
082 |a 539.7 
082 |b P933 
245 0 |a Present status of nuclear research and development in Japan 1961 
260 |a Tokyo 
260 |b International Cooperation Administration Japan Productivity Center 
260 |c 1985 
650 |a Atomic physics 
650 |x Research 
904 |i Minh 
980 |a Trung tâm Học liệu Trường Đại học Cần Thơ